000
00305nam a22000977a 4500
008
150622b xxu||||| |||| 00| 0 eng d
010
_8
HCCRSF:005
245
_a
HIGH COURT CRIMINAL SESSION NO.32 OF 1969 Uganda Vs Losio Njoba
260
_a
High Court Kampala
500
_3
BEFORE: Hon. Mr. Justice Edward E. Youja
999
_c
6582
_d
6582